000 01898nam a2200457 i 4500
001 39184
003 KOSZ 005
005 20230112102631.0
008 011010s2000 pl f |000 0 pol d
020 _a8387832235
040 _cKOSz 005
_aKOSZ 005
_dKOSZ 005/HR
046 _k2000
080 _a339.5
080 _a339.92(4-191.2-11)"1989/..."
080 _a339.92(4-67)"1089/..."
080 _a(06)
245 0 0 _aEuropa Środkowo-Wschodnia w warunkach globalizacji handlu /
_cpraca pod red. Stanisława Miklaszewskiego, [aut. Stanisław Miklaszewski et al.].
260 _aKraków :
_bInstytut Studiów Strategicznych,
_c2000.
300 _a74 s. ;
_c21 cm.
336 _2rdacontent
_aTekst
_btxt
337 _2rdamedia
_aBez urządzenia pośredniczącego
_bn
338 _2rdacarrier
_aWolumin
_bnc
380 _aKsiążki
388 _a1901-2000
388 _a1989-2000
490 1 _aZeszyty / Fundacja "Międzynarodowe Centrum Rozwoju Demokracji" ;
_v40
500 _aMateriały z konferencji pt.: Stosunki zewnętrzne Unii Europejskiej a rozszerzenie, która odbyła się w dniu 29 czerwca 2000 roku w Krakowie.
610 2 _aUnia Europejska (UE)
650 7 _aGlobalizacja
650 7 _aHandel międzynarodowy
650 7 _aMiędzynarodowe stosunki gospodarcze
651 7 _aEuropa Środkowo-Wschodnia
651 7 _aKraje Unii Europejskiej
655 _aMateriały konferencyjne
658 _aGospodarka, ekonomia, finanse
700 1 _aMiklaszewski, Stanisław
_d(1947-2011)
_eRedakcja
710 2 _aFundacja Instytut Studiów Strategicznych (Kraków)
830 0 _aZeszyty Fundacji "Międzynarodowe Centrum Rozwoju Demokracji"
_v40
856 _uhttp://koha.tu.koszalin.pl/cgi-bin/koha/opac-detail.pl?biblionumber=39184
_yKatalog online BPK
942 _cKS
_2UKD
999 _c39184
_d39184